| 000 | 00823nam a2200217 a 4500 | ||
|---|---|---|---|
| 008 | 100119s2009 ||||||||||||||||| || u | ||
| 020 | _a9781412911429 | ||
| 050 | _aQA 276.12 Wri | ||
| 100 | _aLondon, Kamala | ||
| 245 | 1 | 0 |
_aFirst (and second) steps in statistics. -- 2nd ed. _cby Daniel B. Wright and Kamala London |
| 250 | _a2nd ed. | ||
| 260 |
_aLondon _bSAGE Publications _c2009 |
||
| 300 | _axv, 230p.: ill. | ||
| 350 | _a0.00 | ||
| 650 | 0 | _aMATHEMATICS--HANDBOOKS, MANUALS, ETC | |
| 650 | 0 | _aSTATISTICS--PROBLEMS, EXERCISES ETC | |
| 650 | 0 | _aMATHEMATICAL STATISTICS | |
| 650 | 3 | _aP0PULATION STATISTICS | |
| 700 | _aWright, Daniel B | ||
| 995 |
_D0.00 _FCBU-MAIN LIBRARY (Kitwe) _H1 _I0.00 _M1 _UAVAILABLE _WMar 10, 2010 _ZAnnex Low-Usage Collection |
||
| 999 |
_c43537 _d43537 |
||